Normal view
MARC view
- النعمة ، محمد جاسم
Entry Personal Name
001 - CONTROL NUMBER
- control field: 36253
003 - CONTROL NUMBER IDENTIFIER
- control field: JO-AjAnu
005 - DATE AND TIME OF LATEST TRANSACTION
- control field: 20230606080044.0
008 - FIXED-LENGTH DATA ELEMENTS
- fixed length control field: 230606|| aca||aabn | a|a d
040 ## - CATALOGING SOURCE
- Original cataloging agency: JO-AjAnu
- Transcribing agency: JO-AjAnu
100 ## - HEADING--PERSONAL NAME
- Personal name: النعمة ، محمد جاسم
670 ## - SOURCE DATA FOUND
- Source citation: Work cat.: (JO-AjAnu)18613: النعمة ، محمد جاسم , author, مكننة الانتاج الحيواني